[Event "Vienna Ottakring 100 Years"]
[Site "Vienna"]
[Date "2023.09.02"]
[Round "8"]
[White "Vingris, Mikelis"]
[Black "Wagner, Leopold Franziskus"]
[Result "1/2-1/2"]
[WhiteElo "2116"]
[BlackElo "2253"]
[PlyCount "46"]
[EventDate "2023.08.26"]
[EventType "swiss"]
[EventRounds "9"]
[EventCountry "AUT"]
[SourceTitle "EXT 2024"]
[Source "ChessBase"]
[SourceDate "2023.10.10"]
[SourceVersion "1"]
[SourceVersionDate "2023.10.10"]
[SourceQuality "1"]

1. e4 c6 2. d4 d5 3. e5 Bf5 4. Nf3 e6 5. Be2 h6 6. 0-0 Ne7 7. c3 Nd7 8. Nbd2 g5 9. h3 Bg7 10. Ne1 Qc7 11. a4 0-0 12. Ndf3 f6 13. exf6 Rxf6 14. Nd3 Ng6 15. Be3 Re8 16. Nde5 Rff8 17. Nxd7 Qxd7 18. Bd3 Qf7 19. Qc2 Bxd3 20. Qxd3 Qf5 21. Rad1 a6 22. Rd2 Qxd3 23. Rxd3 e5 1/2-1/2

[Event "Vienna Ottakring 100 Years"]
[Site "Vienna"]
[Date "2023.08.31"]
[Round "6"]
[White "Wagner, Leopold Franziskus"]
[Black "Meskovs, Nikita"]
[Result "0-1"]
[WhiteElo "2253"]
[BlackElo "2544"]
[PlyCount "56"]
[EventDate "2023.08.26"]
[EventType "swiss"]
[EventRounds "9"]
[EventCountry "AUT"]
[SourceTitle "EXT 2024"]
[Source "ChessBase"]
[SourceDate "2023.10.10"]
[SourceVersion "1"]
[SourceVersionDate "2023.10.10"]
[SourceQuality "1"]

1. e4 c5 2. c3 Nf6 3. e5 Nd5 4. Nf3 e6 5. d4 cxd4 6. cxd4 d6 7. Bc4 Nb6 8. Bb3 dxe5 9. dxe5 Qxd1+ 10. Bxd1 Bd7 11. 0-0 Bc6 12. Re1 Bb4 13. Nbd2 N8d7 14. a3 Be7 15. Nd4 Bd5 16. Bb3 0-0 17. N2f3 Bxb3 18. Nxb3 Nc4 19. Nbd4 Rfd8 20. Bf4 Nxb2 21. Re3 Nc4 22. Rc3 Ndb6 23. Bg3 Rd5 24. Rac1 Bxa3 25. Rxc4 Nxc4 26. Rxc4 b5 27. Rc7 Bc5 28. Nc2 Bb6 0-1

[Event "EU-chT U18"]
[Site "Iasi"]
[Date "2023.07.30"]
[Round "7.2"]
[White "Dzida, Kamil"]
[Black "Wagner, Leopold Franziskus"]
[Result "1/2-1/2"]
[WhiteElo "2356"]
[BlackElo "2253"]
[PlyCount "60"]
[EventDate "2023.07.24"]
[EventType "team-swiss"]
[EventRounds "7"]
[EventCountry "ROU"]
[SourceTitle "CBM 215 Extra"]
[Source "ChessBase"]
[SourceDate "2023.09.30"]
[SourceVersion "1"]
[SourceVersionDate "2023.09.30"]
[SourceQuality "1"]
[WhiteTeam "Poland U18"]
[BlackTeam "Austria U18"]
[WhiteTeamCountry "POL"]
[BlackTeamCountry "AUT"]

1. e4 Nf6 2. e5 Nd5 3. c4 Nb6 4. d4 d6 5. exd6 cxd6 6. Nc3 g6 7. Be3 Bg7 8. Rc1 0-0 9. b3 e5 10. dxe5 dxe5 11. Qxd8 Rxd8 12. c5 N6d7 13. Nf3 Nc6 14. Bc4 Na5 15. Be2 h6 16. 0-0 Nf8 17. Rfd1 Bg4 18. h3 Be6 19. Nb5 Nc6 20. Nd6 Rab8 21. Bd2 b6 22. Be3 bxc5 23. Bxc5 f5 24. Bb5 Nd4 25. Nxd4 exd4 26. Bf1 Rd7 27. Nb5 a6 28. Na3 Bf7 29. Nc4 Ne6 30. Ba3 Nc7 1/2-1/2

[Event "Vienna Schev May"]
[Site "Vienna"]
[Date "2023.05.18"]
[Round "2"]
[White "Nemeth, Miklos"]
[Black "Wagner, Leopold Franziskus"]
[Result "1-0"]
[WhiteElo "2452"]
[BlackElo "2183"]
[PlyCount "59"]
[EventDate "2023.05.17"]
[EventType "schev"]
[EventRounds "9"]
[EventCountry "AUT"]
[SourceTitle "CBM 214 Extra"]
[Source "ChessBase"]
[SourceDate "2023.07.31"]
[SourceVersion "1"]
[SourceVersionDate "2023.07.31"]
[SourceQuality "1"]
[WhiteTeam "Team D"]
[BlackTeam "Team B"]
[WhiteTeamCountry "AUT"]
[BlackTeamCountry "AUT"]

1. e4 e5 2. Nf3 Nf6 3. Nxe5 d6 4. Nf3 Nxe4 5. Nc3 Nxc3 6. dxc3 Be7 7. Be3 0-0 8. Qd2 Nc6 9. 0-0-0 Be6 10. c4 Bf6 11. Bd3 a6 12. Ng5 Bxg5 13. Bxg5 f6 14. Bf4 Ne5 15. Be4 Rb8 16. c5 dxc5 17. Qxd8 Rfxd8 18. Rxd8+ Rxd8 19. Bxb7 Bxa2 20. b3 c4 21. Bxe5 fxe5 22. Bxa6 cxb3 23. Bc4+ Kf8 24. cxb3 Rd6 25. Re1 Rf6 26. Re2 Bxb3 27. Bxb3 Rf5 28. h3 Rg5 29. Bd5 g6 30. g4 1-0

[Event "Vienna Advent op"]
[Site "Vienna"]
[Date "2022.12.11"]
[Round "7"]
[White "Hafner, Robert"]
[Black "Wagner, Leopold Franziskus"]
[Result "0-1"]
[WhiteElo "1975"]
[BlackElo "2195"]
[PlyCount "91"]
[EventDate "2022.12.05"]
[EventType "tourn"]
[EventRounds "7"]
[EventCountry "AUT"]
[SourceTitle "CBM 211 Extra"]
[Source "ChessBase"]
[SourceDate "2023.01.31"]
[SourceVersion "1"]
[SourceVersionDate "2023.01.31"]
[SourceQuality "1"]

1. d4 Nf6 2. Nf3 d5 3. e3 Bf5 4. Bd3 Bg6 5. 0-0 e6 6. b3 Bd6 7. Bb2 Nbd7 8. Nbd2 0-0 9. Bxg6 hxg6 10. c4 c6 11. Qc2 g5 12. h3 Nh7 13. e4 dxe4 14. Nxe4 Be7 15. Rad1 f5 16. Ned2 Bf6 17. Rfe1 Re8 18. Re2 Ndf8 19. Rde1 Qd7 20. Ne5 Bxe5 21. Rxe5 Ng6 22. R5e3 Nh4 23. Nf3 Nxf3+ 24. Rxf3 Rad8 25. Rfe3 Nf6 26. Qe2 Kf7 27. Re5 Qd6 28. Qf3 g4 29. Qe2 gxh3 30. gxh3 Re7 31. Qf3 Rh8 32. Kg2 Rh6 33. Kf1 Re8 34. Qe2 Rxh3 35. d5 cxd5 36. cxd5 Rh1+ 37. Kg2 Rxe1 38. dxe6+ Rxe6 39. Qxe1 Rxe5 40. Bxe5 Qd5+ 41. Kg1 Ne4 42. Bb8 a6 43. Qc1 Qc5 44. Qf4 g5 45. Qf3 g4 46. Qd3 0-1

[Event "Vienna Advent op"]
[Site "Vienna"]
[Date "2022.12.10"]
[Round "6"]
[White "Wagner, Leopold Franziskus"]
[Black "Krejcar, Walter"]
[Result "1-0"]
[WhiteElo "2195"]
[BlackElo "1754"]
[PlyCount "77"]
[EventDate "2022.12.05"]
[EventType "tourn"]
[EventRounds "7"]
[EventCountry "AUT"]
[SourceTitle "CBM 211 Extra"]
[Source "ChessBase"]
[SourceDate "2023.01.31"]
[SourceVersion "1"]
[SourceVersionDate "2023.01.31"]
[SourceQuality "1"]

1. e4 c5 2. Nf3 Nc6 3. d4 cxd4 4. Nxd4 e5 5. Nb5 d6 6. N1c3 Be6 7. Be2 Nf6 8. Bg5 a6 9. Bxf6 gxf6 10. Na3 b5 11. Nd5 Bg7 12. c3 0-0 13. Nc2 Ne7 14. Nxe7+ Qxe7 15. Ne3 Rfd8 16. Bg4 Kh8 17. Bf5 Bh6 18. Qh5 Qf8 19. Ng4 Bxf5 20. Qxf5 Bg7 21. Rd1 Qe7 22. Qh5 d5 23. exd5 Rd6 24. Ne3 Qd7 25. 0-0 Rg8 26. Nf5 Bf8 27. Nxd6 Bxd6 28. Rd3 Rg5 29. Qh6 Rg6 30. Qh3 f5 31. Rg3 Rf6 32. Rg5 Bf8 33. Qg3 Rg6 34. Qxe5+ f6 35. Qxf5 Qg7 36. Rxg6 hxg6 37. Qh3+ Kg8 38. Qe6+ Kh7 39. d6 1-0

[Event "AUT-chT2O 2223"]
[Site "Austria"]
[Date "2022.11.20"]
[Round "4.2"]
[White "Wagner, Leopold Franziskus"]
[Black "Vitouch, Anatol"]
[Result "1/2-1/2"]
[WhiteElo "2182"]
[BlackElo "2250"]
[PlyCount "55"]
[EventDate "2022.10.15"]
[EventType "team-tourn"]
[EventRounds "11"]
[EventCountry "AUT"]
[SourceTitle "CBM 213 Extra"]
[Source "ChessBase"]
[SourceDate "2023.05.31"]
[SourceVersion "1"]
[SourceVersionDate "2023.05.31"]
[SourceQuality "1"]
[WhiteTeam "Hietzing"]
[BlackTeam "Pamhagen"]
[WhiteTeamCountry "AUT"]
[BlackTeamCountry "AUT"]

1. d4 d5 2. Bf4 e6 3. e3 Bd6 4. Bg3 Nf6 5. Bd3 c5 6. c3 Qc7 7. Bxd6 Qxd6 8. Nd2 0-0 9. f4 cxd4 10. cxd4 Bd7 11. Ngf3 Qb6 12. Qb3 Nc6 13. a3 Rfc8 14. 0-0 Na5 15. Qxb6 axb6 16. Ne5 Ba4 17. Rfc1 Kf8 18. b4 Nc6 19. h3 Ke7 20. Kf2 Na7 21. Ke1 h6 22. g4 Ne8 23. f5 Nd6 24. e4 dxe4 25. Nxe4 Nab5 26. Nxd6 Nxd6 27. fxe6 Kxe6 28. Bc4+ 1/2-1/2

[Event "AUT-chT2O 2223"]
[Site "Austria"]
[Date "2022.10.16"]
[Round "2.1"]
[White "Grimm, Daniel"]
[Black "Wagner, Leopold Franziskus"]
[Result "1-0"]
[WhiteElo "2302"]
[BlackElo "2182"]
[PlyCount "113"]
[EventDate "2022.10.15"]
[EventType "team-tourn"]
[EventRounds "11"]
[EventCountry "AUT"]
[SourceTitle "EXT 2024"]
[Source "ChessBase"]
[SourceDate "2023.10.10"]
[SourceVersion "1"]
[SourceVersionDate "2023.10.10"]
[SourceQuality "1"]
[WhiteTeam "Bad Voeslau"]
[BlackTeam "Hietzing"]
[WhiteTeamCountry "AUT"]
[BlackTeamCountry "AUT"]

1. e4 c6 2. c4 d5 3. cxd5 cxd5 4. exd5 Nf6 5. Bb5+ Nbd7 6. Nc3 a6 7. Bxd7+ Bxd7 8. Qb3 b5 9. Nf3 g6 10. 0-0 Bg7 11. d4 0-0 12. Bf4 Bc8 13. Be5 Bb7 14. Bxf6 exf6 15. a4 b4 16. Qxb4 Bxd5 17. Nxd5 Qxd5 18. Rfc1 Rab8 19. Qc3 Rfd8 20. b4 f5 21. Qc4 Bxd4 22. Qxd5 Rxd5 23. Rab1 Bf6 24. g3 g5 25. Rc6 g4 26. Ne1 Kg7 27. Nc2 Bg5 28. Kf1 Rd2 29. b5 axb5 30. axb5 Bd8 31. Ne3 Kf8 32. b6 Ke7 33. Ke1 Ra2 34. Nxf5+ Kd7 35. Rd6+ Ke8 36. b7 Ra5 37. Nd4 Bc7 38. Rh6 Ra7 39. Rxh7 Rbxb7 40. Rh8+ Kd7 41. Rd1 Ra2 42. Rh5 Ke7 43. Nf5+ Kf6 44. Ne3 Kg6 45. Rf5 Rbb2 46. Kf1 f6 47. Rd4 Bb6 48. Rxg4+ Kf7 49. Re4 Ra1+ 50. Kg2 Re1 51. Rxf6+ Kxf6 52. Nd5+ Kg5 53. h4+ Kg6 54. Rxe1 Bxf2 55. Re6+ Kg7 56. Nf4 Bd4+ 57. Re2 1-0

[Event "Vienna State-chB"]
[Site "Vienna"]
[Date "2022.09.25"]
[Round "9"]
[White "Pavlov, Alexander1111"]
[Black "Wagner, Leopold Franziskus"]
[Result "1/2-1/2"]
[WhiteElo "1685"]
[BlackElo "2201"]
[PlyCount "138"]
[EventDate "2022.09.17"]
[EventType "swiss"]
[EventRounds "9"]
[EventCountry "AUT"]
[SourceTitle "CBM 210 Extra"]
[Source "ChessBase"]
[SourceDate "2022.11.30"]
[SourceVersion "1"]
[SourceVersionDate "2022.11.30"]
[SourceQuality "1"]

1. e4 c6 2. d4 d5 3. Nc3 g6 4. Nf3 Bg7 5. h3 dxe4 6. Nxe4 Nf6 7. Ng3 Nbd7 8. Bc4 e6 9. 0-0 0-0 10. Bf4 Nd5 11. Bd2 b5 12. Bb3 Qb6 13. c3 Bb7 14. Ne2 c5 15. Nf4 Nxf4 16. Bxf4 Rad8 17. dxc5 Nxc5 18. Qe2 a5 19. Bc2 b4 20. Be3 Qc6 21. cxb4 Ba6 22. Qe1 Nd3 23. Qb1 Nxb4 24. Rc1 Qb5 25. Bb3 Qe2 26. Bc5 Rfe8 27. Ba4 Qxb2 28. Bxe8 Rxe8 29. Bxb4 axb4 30. Re1 Qxa1 31. Qxa1 Bxa1 32. Rxa1 Bd3 33. Ne5 Be4 34. f3 Bd5 35. Rb1 Bxa2 36. Rxb4 Bd5 37. Ra4 Re7 38. Kf2 Kg7 39. Ng4 Bc6 40. Rc4 Be8 41. Rb4 f6 42. Rb6 Bf7 43. Kg3 Ra7 44. Rc6 Ra4 45. Rc7 h5 46. Nf2 h4+ 47. Kh2 f5 48. Nd3 Kf6 49. Nc5 Ra8 50. f4 Be8 51. Rh7 e5 52. fxe5+ Kxe5 53. Rxh4 Bc6 54. Nd3+ Kf6 55. Rd4 Be4 56. Nc5 Ke5 57. Ra4 Rc8 58. Ra5 Bd5 59. Nd7+ Ke6 60. Rxd5 Rd8 61. Rd1 Rxd7 62. Rxd7 Kxd7 63. Kg3 g5 64. h4 gxh4+ 65. Kxh4 Ke6 66. Kg5 Ke5 67. g3 Ke4 68. Kf6 Kf3 69. Kxf5 Kxg3 1/2-1/2

[Event "AUT-ch"]
[Site "Vienna"]
[Date "2022.08.17"]
[Round "7"]
[White "Belke, Frank"]
[Black "Wagner, Leopold Franziskus"]
[Result "1/2-1/2"]
[WhiteElo "2226"]
[BlackElo "2080"]
[PlyCount "110"]
[EventDate "2022.08.12"]
[EventType "swiss"]
[EventRounds "9"]
[EventCountry "AUT"]
[SourceTitle "CBM 209 Extra"]
[Source "ChessBase"]
[SourceDate "2022.09.30"]
[SourceVersion "1"]
[SourceVersionDate "2022.09.30"]
[SourceQuality "1"]

1. d4 Nf6 2. c4 e6 3. Nc3 Bb4 4. Qc2 0-0 5. a3 Bxc3+ 6. Qxc3 b6 7. Bg5 Bb7 8. f3 h6 9. Bh4 d6 10. e3 Nbd7 11. Bd3 Qe7 12. Ne2 e5 13. 0-0 g5 14. Bg3 e4 15. Bc2 d5 16. f4 c6 17. fxg5 hxg5 18. h4 dxc4 19. hxg5 Nd5 20. Qd2 Qxg5 21. Bxe4 Qxe3+ 22. Qxe3 Nxe3 23. Rf3 f5 24. Rxe3 fxe4 25. Rxe4 Nf6 26. Re7 Rae8 27. Rxe8 Rxe8 28. Nc3 Nd5 29. Be5 Nxc3 30. bxc3 c5 31. Kf2 cxd4 32. Bxd4 Kf7 33. Rh1 Kg6 34. Rh3 Rf8+ 35. Ke3 Re8+ 36. Kd2 Re7 37. Rh8 Be4 38. Rg8+ Kh7 39. Rh8+ Kg6 40. Rf8 Kh5 41. Rg8 Kh6 42. g4 Bf3 43. g5+ Kh7 44. Rh8+ Kg6 45. Be3 Re6 46. Rh6+ Kf5 47. Rh7 Rd6+ 48. Ke1 a6 49. Rf7+ Ke4 50. Bd4 Bh5 51. Rh7 Bg6 52. Rh3 Kf4 53. Bf6 Bf5 54. Rh2 Bg4 55. Rd2 Rxd2 1/2-1/2

[Event "AUT-ch"]
[Site "Vienna"]
[Date "2022.08.15"]
[Round "4"]
[White "Wagner, Leopold Franziskus"]
[Black "Albadri, Abd Al Sattar"]
[Result "1/2-1/2"]
[WhiteElo "2080"]
[BlackElo "2161"]
[PlyCount "43"]
[EventDate "2022.08.12"]
[EventType "swiss"]
[EventRounds "9"]
[EventCountry "AUT"]
[SourceTitle "CBM 209 Extra"]
[Source "ChessBase"]
[SourceDate "2022.09.30"]
[SourceVersion "1"]
[SourceVersionDate "2022.09.30"]
[SourceQuality "1"]

1. d4 Nf6 2. Nf3 g6 3. Bg5 Bg7 4. Nbd2 h6 5. Bxf6 exf6 6. e4 0-0 7. Bc4 d6 8. 0-0 Nc6 9. c3 f5 10. exf5 Bxf5 11. Re1 a6 12. Nf1 Qf6 13. Ne3 Rae8 14. Nxf5 Qxf5 15. Bd3 Rxe1+ 16. Nxe1 Qd7 17. Nc2 Re8 18. Qd2 Ne7 19. Re1 Nd5 20. Be4 Nf6 21. Bf3 c6 22. Rxe8+ 1/2-1/2

[Event "AUT-ch"]
[Site "Vienna"]
[Date "2022.08.13"]
[Round "2"]
[White "Balinov, Ilia"]
[Black "Wagner, Leopold Franziskus"]
[Result "1-0"]
[WhiteElo "2419"]
[BlackElo "2080"]
[PlyCount "95"]
[EventDate "2022.08.12"]
[EventType "swiss"]
[EventRounds "9"]
[EventCountry "AUT"]
[SourceTitle "CBM 209 Extra"]
[Source "ChessBase"]
[SourceDate "2022.09.30"]
[SourceVersion "1"]
[SourceVersionDate "2022.09.30"]
[SourceQuality "1"]

1. c4 e5 2. g3 g6 3. Bg2 Bg7 4. Nc3 Ne7 5. Nf3 Nbc6 6. 0-0 0-0 7. d3 d6 8. Rb1 f5 9. Bd2 Nd4 10. Nxd4 exd4 11. Nd5 c6 12. Nf4 Qe8 13. e3 Qf7 14. Re1 Bd7 15. Qb3 Rab8 16. exd4 Bxd4 17. Be3 Bxe3 18. Rxe3 g5 19. Rbe1 gxf4 20. Rxe7 Rfe8 21. Rxe8+ Rxe8 22. Rxe8+ Bxe8 23. gxf4 Qe7 24. Qd1 Bf7 25. b3 Qf6 26. d4 d5 27. cxd5 Bxd5 28. Bxd5+ cxd5 29. Qe2 Qxd4 30. Qe6+ Kg7 31. Qxf5 Qd1+ 32. Kg2 d4 33. Qg5+ Kf7 34. Qd5+ Kf6 35. Qd8+ Kf7 36. Qd7+ Kf6 37. Qd6+ Kf7 38. Qd5+ Kf6 39. Qg5+ Kf7 40. f5 Qd3 41. Qh5+ Kf6 42. Qh6+ Ke5 43. Qg7+ Kf4 44. Qxb7 Qe2 45. Qc7+ Kxf5 46. Qd7+ Ke4 47. Qe6+ Kd3 48. Qc4+ 1-0

[Event "AUT-ch U16"]
[Site "St Veit"]
[Date "2022.04.14"]
[Round "7"]
[White "Wagner, Leopold Franziskus"]
[Black "Giselbrecht, Jerrik"]
[Result "1-0"]
[WhiteElo "2118"]
[BlackElo "1735"]
[PlyCount "91"]
[EventDate "2022.04.10"]
[EventType "swiss"]
[EventRounds "7"]
[EventCountry "AUT"]
[SourceTitle "EXT 2023"]
[Source "ChessBase"]
[SourceDate "2022.10.05"]
[SourceVersion "1"]
[SourceVersionDate "2022.10.05"]
[SourceQuality "1"]

1. b3 d5 2. Bb2 Nf6 3. f4 c5 4. Nf3 b6 5. e3 e6 6. Be2 Bd6 7. h3 0-0 8. d3 Bb7 9. 0-0 Nbd7 10. Nbd2 Qc7 11. c4 d4 12. exd4 Bxf4 13. Re1 Be3+ 14. Kh1 Nh5 15. Nf1 Bf2 16. dxc5 bxc5 17. Qd2 Bxe1 18. Rxe1 Qf4 19. Qc3 Ng3+ 20. Nxg3 Qxg3 21. Rf1 f6 22. Bc1 Ne5 23. Be3 Rac8 24. Qa5 Rfd8 25. Qxa7 Bxf3 26. Bxf3 Nxf3 27. Rxf3 Qe1+ 28. Bg1 Rd6 29. Qe7 Rcd8 30. Re3 Qh4 31. Re4 Qh5 32. Rxe6 Rxd3 33. Re3 Rd1 34. Re1 R1d2 35. Qe6+ Qf7 36. Qb6 Qg6 37. Re2 Rd1 38. Qxc5 Qb1 39. Kh2 Qc1 40. Be3 Rh1+ 41. Kg3 Qb1 42. Qa5 Qd3 43. Qh5 g6 44. Qf3 f5 45. Rd2 f4+ 46. Qxf4 1-0

[Event "AUT-chT2O 2122"]
[Site "Austria"]
[Date "2022.03.12"]
[Round "8.4"]
[White "Wagner, Leopold Franziskus"]
[Black "Brod, Manfred"]
[Result "1/2-1/2"]
[WhiteElo "2069"]
[BlackElo "2210"]
[PlyCount "96"]
[EventDate "2021.10.16"]
[EventType "team-tourn"]
[EventRounds "11"]
[EventCountry "AUT"]
[SourceTitle "EXT 2024"]
[Source "ChessBase"]
[SourceDate "2023.10.10"]
[SourceVersion "1"]
[SourceVersionDate "2023.10.10"]
[SourceQuality "1"]
[WhiteTeam "Hietzing"]
[BlackTeam "Mattersburg"]
[WhiteTeamCountry "AUT"]
[BlackTeamCountry "AUT"]

1. e4 e6 2. d4 d5 3. exd5 exd5 4. Bd3 c5 5. dxc5 Bxc5 6. Nf3 Nf6 7. 0-0 0-0 8. c3 Nc6 9. Bg5 Bg4 10. Nbd2 Bb6 11. Qc2 h6 12. Bh4 g5 13. Bg3 Nh5 14. Bf5 Nxg3 15. hxg3 Bxf5 16. Qxf5 Qd6 17. Rad1 Qe6 18. Qd3 Rad8 19. Nb3 Qf6 20. Nfd4 Rfe8 21. Qf3 Qxf3 22. gxf3 Nxd4 23. Nxd4 Bxd4 24. Rxd4 Re2 25. Rb4 b6 26. Rd1 Rd6 27. Kf1 Rc2 28. Re1 Re6 29. Rb5 Kg7 30. a4 Kf6 31. Rxd5 Rxb2 32. a5 Rc2 33. axb6 axb6 34. Rxe6+ fxe6 35. Rd3 h5 36. Kg2 b5 37. f4 gxf4 38. gxf4 Kf5 39. Kf3 h4 40. Re3 Kf6 41. Kg4 Rxf2 42. Re5 h3 43. Rxb5 h2 44. Rh5 Rc2 45. Rh6+ Kg7 46. Rh3 Kg6 47. Rh4 Kg7 48. Rh3 Kg6 1/2-1/2

[Event "AUT-chT2O 2122"]
[Site "Austria"]
[Date "2022.01.15"]
[Round "3.4"]
[White "Wagner, Leopold Franziskus"]
[Black "Kuthan, Andreas"]
[Result "0-1"]
[WhiteElo "2069"]
[BlackElo "2221"]
[PlyCount "56"]
[EventDate "2021.10.16"]
[EventType "team-tourn"]
[EventRounds "11"]
[EventCountry "AUT"]
[SourceTitle "EXT 2023"]
[Source "ChessBase"]
[SourceDate "2022.10.05"]
[SourceVersion "1"]
[SourceVersionDate "2022.10.05"]
[SourceQuality "1"]
[WhiteTeam "Hietzing"]
[BlackTeam "Pamhagen II"]
[WhiteTeamCountry "AUT"]
[BlackTeamCountry "AUT"]

1. e4 c5 2. Nf3 e6 3. d4 cxd4 4. Nxd4 Nf6 5. Bd3 Nc6 6. Nxc6 dxc6 7. 0-0 e5 8. c3 Bc5 9. Kh1 Ng4 10. Qf3 Nxf2+ 11. Rxf2 Bxf2 12. Bc4 Qf6 13. Qxf6 gxf6 14. Bh6 Rg8 15. Na3 Be6 16. Rf1 Rd8 17. g3 Bh3 18. Rxf2 Rd1+ 19. Bf1 Rxf1+ 20. Rxf1 Bxf1 21. Nb1 Bd3 22. Nd2 Rg4 23. Kg1 Bxe4 24. Be3 Bf5 25. b3 b6 26. Kg2 Be6 27. h3 Rg8 28. c4 f5 0-1

[Event "Vienna Silvester op-A"]
[Site "Vienna"]
[Date "2022.01.02"]
[Round "7"]
[White "Raeke, Philipp"]
[Black "Wagner, Leopold Franziskus"]
[Result "1-0"]
[WhiteElo "1851"]
[BlackElo "2094"]
[PlyCount "75"]
[EventDate "2021.12.27"]
[EventType "swiss"]
[EventRounds "7"]
[EventCountry "AUT"]
[SourceTitle "EXT 2023"]
[Source "ChessBase"]
[SourceDate "2022.10.05"]
[SourceVersion "1"]
[SourceVersionDate "2022.10.05"]
[SourceQuality "1"]

1. e4 c6 2. d4 d5 3. e5 Bf5 4. Ne2 e6 5. Ng3 Bg6 6. h4 h5 7. Bd3 Bxd3 8. cxd3 g6 9. Nd2 Nd7 10. Nf3 Bh6 11. 0-0 b6 12. b4 a5 13. Qc2 Bxc1 14. Rfxc1 Ne7 15. a3 0-0 16. Qd2 Kg7 17. Qg5 Rh8 18. Qf4 a4 19. Rc2 Nf5 20. Nxf5+ exf5 21. Rxc6 Rc8 22. Rac1 Rxc6 23. Rxc6 Re8 24. Qc1 Nf8 25. Qc2 Qa8 26. Ng5 Nh7 27. Nxh7 Kxh7 28. Rc7 Kg8 29. Qc6 Qxc6 30. Rxc6 Rb8 31. b5 Kf8 32. Kf1 Ke7 33. Ke2 Kd7 34. Kd2 Rb7 35. Rd6+ Ke7 36. Rxd5 Rd7 37. Rxd7+ Kxd7 38. d5 1-0

[Event "Innsbruck op 5th"]
[Site "Innsbruck"]
[Date "2021.08.21"]
[Round "1"]
[White "Wagner, Leopold Franziskus"]
[Black "Kienboeck, Benjamin"]
[Result "0-1"]
[WhiteElo "2243"]
[BlackElo "2025"]
[PlyCount "140"]
[EventDate "2021.08.21"]
[EventType "swiss"]
[EventRounds "9"]
[EventCountry "AUT"]
[SourceTitle "CBM 204 Extra"]
[Source "ChessBase"]
[SourceDate "2021.11.30"]
[SourceVersion "1"]
[SourceVersionDate "2021.11.30"]
[SourceQuality "1"]

1. e4 c6 2. d4 d5 3. exd5 cxd5 4. Bd3 Nc6 5. c3 Qc7 6. Ne2 Bg4 7. Na3 e6 8. Nc2 Bd6 9. h3 Bh5 10. 0-0 Nf6 11. Ne3 0-0 12. Qc2 Bg6 13. Re1 Rfc8 14. Bxg6 hxg6 15. Ng4 Ne4 16. Qd3 Rab8 17. f4 b5 18. Be3 Na5 19. Rac1 Be7 20. Ne5 Nc4 21. b3 Ncd6 22. Rc2 Nf6 23. Rec1 Qa5 24. g4 Rc7 25. Ng3 Rbc8 26. Bd2 Qb6 27. Kg2 Nfe4 28. Be1 g5 29. Bd2 Nxg3 30. Kxg3 Ne4+ 31. Kg2 Nxd2 32. Qxd2 gxf4 33. Qd3 Bd6 34. Nf3 Qa5 35. h4 Qb6 36. Ng5 Kf8 37. Qh7 Ba3 38. Qh8+ Ke7 39. Qxg7 f3+ 40. Kxf3 Kd6 41. Qe5+ Kc6 42. Rd1 Kb7 43. Rd3 f6 44. Qxe6 fxg5 45. Qxd5+ Qc6 46. Qxc6+ Kxc6 47. h5 Rf8+ 48. Kg2 Kd5 49. c4+ Ke4 50. Rd1 bxc4 51. bxc4 Rf3 52. c5 Rd3 53. Rcd2 Rxd2+ 54. Rxd2 Bc1 55. Rd1 Be3 56. h6 Bxd4 57. Rh1 Rh7 58. c6 Bb6 59. Rc1 Kd5 60. Kf3 Bc5 61. Rh1 Bd4 62. Rc1 Bc5 63. Rh1 Kxc6 64. Ke4 Bf8 65. Kf5 Rxh6 66. Rc1+ Kb5 67. Kxg5 Ra6 68. Rc2 Ka4 69. Kf5 Be7 70. g5 Ra5+ 0-1